[Event "Plymouth (MI Op/7/33)"]
[Site "?"]
[Date "1984.??.??"]
[Round "?"]
[White "Smith, Les L"]
[Black "Robes, S.."]
[Result "1-0"]
[WhiteElo "1945"]
[BlackElo "1670"]
[PlyCount "107"]
[EventDate "1984.??.??"]

{7/(33)} 1. f4 c5 2. Nf3 d6 3. e3 Nc6 4. d4 cxd4 5. exd4 d5 6. c3 e6 7. Bd3 Bd6
8. O-O Nge7 9. Qe1 Bd7 10. a4 Qc7 11. Ne5 f6 12. Nxd7 Qxd7 13. Qg3 Ng6 14.
Bxg6+ hxg6 15. Qxg6+ Qf7 16. Qg4 O-O-O 17. b4 f5 18. Qe2 Rh6 19. a5 Rdh8 20. h3
Qg6 21. Kf2 Qh5 22. Qxh5 Rxh5 23. Na3 a6 24. Re1 Kd7 25. Ra2 Rh4 26. Kf3 Ne7
27. Rae2 R4h6 28. Nc2 Rc8 29. Bd2 Ng8 30. Na3 Nf6 31. Rxe6 Ne4 32. Rxh6 Nxd2+
33. Ke2 Re8+ 34. Kxd2 Bxf4+ 35. Kd1 Rxe1+ 36. Kxe1 Bxh6 37. Ke2 g5 38. Kd3 Bf8
39. Nc2 Ke6 40. c4 dxc4+ 41. Kxc4 Kd6 42. Ne3 f4 43. Nd5 Bg7 44. Nc3 Kc7 45.
Ne4 Bh6 46. d5 b5+ 47. Kc5 Bf8+ 48. d6+ Kd7 49. Kd5 Bg7 50. Nc5+ Kd8 51. Kc6
Bf6 52. Nxa6 Bd4 53. Nc5 Bxc5 54. Kxc5 1-0

[Event "Battle Creek (Insanity/1/4)"]
[Site "?"]
[Date "1984.??.??"]
[Round "?"]
[White "Smith, Les L"]
[Black "McAuliffe, Todd"]
[Result "1-0"]
[WhiteElo "1845"]
[BlackElo "1605"]
[PlyCount "57"]
[EventDate "1984.??.??"]

{1/(4)} 1. f4 e5 2. fxe5 d6 3. exd6 Bxd6 4. Nf3 Bg4 5. g3 Nf6 6. Nc3 Nc6 7. Bg2
Qd7 8. Nb5 Be7 9. d3 a6 10. Nc3 O-O-O 11. a3 Kb8 12. b4 h5 13. Bf4 Nh7 14. b5
Bf6 15. Ne4 Bxa1 16. bxc6 Qxc6 17. Qxa1 f6 18. c4 Qb6 19. c5 Qa5+ 20. Bd2 Qb5
21. O-O Qd7 22. Rb1 Bxf3 23. Bxf3 Qd4+ 24. Qxd4 Rxd4 25. Nc3 c6 26. Bxc6 Kc7
27. Bxb7 Rb8 28. Bf4+ Rxf4 29. Nd5+ 1-0

[Event "Battle Creek (Insanity/7/1)"]
[Site "?"]
[Date "1984.??.??"]
[Round "?"]
[White "Smith, Les L"]
[Black "Manion, Tom"]
[Result "1/2-1/2"]
[WhiteElo "1845"]
[BlackElo "1740"]
[PlyCount "43"]
[EventDate "1984.??.??"]

{7/(1)} 1. f4 d6 2. Nf3 g6 3. e3 Bg7 4. d4 Bg4 5. Bd3 Nh6 6. O-O O-O 7. c3 f6
8. Qb3+ Kh8 9. Qxb7 Nd7 10. Qb3 c5 11. h3 Rb8 12. Qc2 Be6 13. Nh4 f5 14. Nd2
Bg8 15. e4 e5 16. Nhf3 exf4 17. exf5 Nxf5 18. Bxf5 Rxf5 19. Ne4 Nf6 20. Nxf6
Bxf6 21. Rd1 c4 22. Rb1 1/2-1/2

[Event "Battle Creek (Insanity/5/1)"]
[Site "?"]
[Date "1984.??.??"]
[Round "?"]
[White "Smith, Les L"]
[Black "Kulbacki, James"]
[Result "1/2-1/2"]
[WhiteElo "1845"]
[BlackElo "2000"]
[PlyCount "64"]
[EventDate "1984.??.??"]

{5/(1)} 1. f4 d6 2. Nf3 c5 3. e3 Bg4 4. d4 Nd7 5. Bd3 g6 6. h3 Bxf3 7. Qxf3 Qc7
8. c3 Bg7 9. O-O e6 10. Na3 a6 11. Nc4 Ne7 12. Qxb7 Qxb7 13. Nxd6+ Kd8 14.
Nxb7+ Kc7 15. Nxc5 Nxc5 16. dxc5 Rhd8 17. Bc2 Rab8 18. e4 Rb5 19. Rd1 Rxd1+ 20.
Bxd1 Rxc5 21. Bb3 f5 22. Be3 Rc6 23. e5 g5 24. g3 Ng6 25. Rd1 gxf4 26. gxf4 Bh6
27. Ba4 Rc4 28. Rd4 Nxe5 29. Rxc4+ Nxc4 30. Kf2 Nxb2 31. Bb3 Nd3+ 32. Kf3 Kd6
1/2-1/2

[Event "Plymouth (MI Op/5/32)"]
[Site "?"]
[Date "1984.??.??"]
[Round "?"]
[White "Smith, Les L"]
[Black "Johnson, J.."]
[Result "1/2-1/2"]
[WhiteElo "1945"]
[BlackElo "1605"]
[PlyCount "59"]
[EventDate "1984.??.??"]

{5/(32)} 1. f4 d5 2. Nf3 Nf6 3. e3 Bg4 4. d4 e6 5. Bd3 c5 6. c3 cxd4 7. exd4
Bd6 8. O-O O-O 9. Qe1 Nc6 10. Ne5 Ne7 11. Nxg4 Nxg4 12. h3 Nf6 13. g4 Ng6 14.
Qe2 Ne4 15. Bxe4 dxe4 16. Qxe4 Qh4 17. Qf3 Rab8 18. Be3 Qf6 19. Nd2 Rfd8 20.
Ne4 Qe7 21. Nxd6 Qxd6 22. f5 exf5 23. gxf5 Nh4 24. Qf2 Nxf5 25. Bf4 Qg6+ 26.
Kh1 Rbc8 27. Bh2 Qc6+ 28. Kg1 Qg6+ 29. Kh1 Qc6+ 30. Kg1 1/2-1/2

[Event "Plymouth (MI Op/3/13)"]
[Site "?"]
[Date "1984.??.??"]
[Round "?"]
[White "Smith, Les L"]
[Black "Groisser, D.."]
[Result "0-1"]
[WhiteElo "1945"]
[BlackElo "2145"]
[PlyCount "80"]
[EventDate "1984.??.??"]

{3/(13)} 1. f4 d5 2. e3 c5 3. Nf3 g6 4. d4 Bg7 5. c3 b6 6. Bd3 Nf6 7. O-O O-O
8. Qe2 a5 9. Nbd2 Ba6 10. e4 dxe4 11. Nxe4 Nxe4 12. Qxe4 Bxd3 13. Qxd3 cxd4 14.
Nxd4 Nc6 15. Be3 Nxd4 16. Bxd4 Bxd4+ 17. Qxd4 Qxd4+ 18. cxd4 Rfd8 19. Rfd1 Rd5
20. Rd2 Rad8 21. Rad1 Kg7 22. g3 Kf6 23. Kg2 b5 24. Kf3 Rc8 25. Re1 e6 26. Re5
b4 27. Rxd5 exd5 28. g4 h6 29. h4 Ke6 30. Re2+ Kd6 31. f5 gxf5 32. gxf5 Rc1 33.
Kg4 Rd1 34. Kh5 Rxd4 35. Kxh6 Rxh4+ 36. Kg7 Re4 37. Rd2 Re7 38. Kf6 Rd7 39. Rh2
d4 40. Rd2 Kd5 0-1

[Event "Battle Creek (Insanity/3/1)"]
[Site "?"]
[Date "1984.??.??"]
[Round "?"]
[White "Smith, Les L"]
[Black "Brattin, Vincent"]
[Result "1-0"]
[WhiteElo "1845"]
[BlackElo "1865"]
[PlyCount "87"]
[EventDate "1984.??.??"]

{3/(1)} 1. f4 Nc6 2. Nf3 b6 3. e3 Bb7 4. d4 e6 5. c3 Nf6 6. Bd3 d5 7. Nbd2 Bd6
8. O-O Ne7 9. Qe1 Ne4 10. Bxe4 dxe4 11. Ng5 f5 12. Nxe6 Qd7 13. Nxg7+ Kf7 14.
Nh5 Rag8 15. Nc4 Qe6 16. Ne5+ Bxe5 17. fxe5 Nd5 18. Qf2 Rg5 19. Nf4 Nxf4 20.
Qxf4 Rhg8 21. Rf2 Ke7 22. b3 Rg4 23. Qxf5 Qxf5 24. Rxf5 Rxg2+ 25. Kf1 Ba6+ 26.
c4 b5 27. Rf2 Rg1+ 28. Ke2 bxc4 29. Ba3+ Ke8 30. Rxg1 c3+ 31. Kd1 Rxg1+ 32. Kc2
Re1 33. e6 Re2+ 34. Rxe2 Bxe2 35. Kxc3 c6 36. Bc5 a6 37. Kb4 Bg4 38. e7 Kd7 39.
Ka5 Be2 40. Kb6 Bd3 41. e8=Q+ Kxe8 42. Kxc6 Bb1 43. d5 Bd3 44. a4 1-0

[Event "Plymouth (MI Op/3/51)"]
[Site "?"]
[Date "1984.??.??"]
[Round "?"]
[White "Smalec, John"]
[Black "Key_Smith, G.."]
[Result "0-1"]
[WhiteElo "1605"]
[BlackElo "1805"]
[PlyCount "66"]
[EventDate "1984.??.??"]

{3/(51)} 1. b4 d5 2. Bb2 Bf5 3. Nf3 Nd7 4. Nc3 Ngf6 5. g3 e5 6. d3 Bxb4 7. Bg2
d4 8. O-O dxc3 9. Bc1 Bd6 10. Nh4 Be6 11. Rb1 Bd5 12. f3 O-O 13. Be3 Bxa2 14.
Rxb7 Nb6 15. f4 Bd5 16. fxe5 Bxe5 17. Bxd5 Nfxd5 18. Bf4 Re8 19. e4 Nf6 20. Nf5
Nc8 21. Qc1 Nd7 22. Be3 Nd6 23. Rb4 Nxf5 24. Rxf5 Re6 25. d4 g6 26. Rf2 Bg7 27.
d5 Re8 28. Bg5 f6 29. Be3 Qe7 30. Qa3 a5 31. Qb3 Qxb4 32. d6+ Qxb3 33. cxb3
cxd6 0-1

[Event "Plymouth (MI Op/6/13)"]
[Site "?"]
[Date "1984.??.??"]
[Round "?"]
[White "Skidmore, Mike"]
[Black "Rogan, M.."]
[Result "0-1"]
[WhiteElo "1905"]
[BlackElo "2090"]
[PlyCount "30"]
[EventDate "1984.??.??"]

{6/(13)} 1. e4 e6 2. Nf3 d5 3. exd5 exd5 4. Be2 Nf6 5. b3 Bd6 6. h3 O-O 7. O-O
Re8 8. Bb2 Nbd7 9. Nc3 c6 10. d4 Nf8 11. Re1 Ng6 12. Bd3 Rxe1+ 13. Qxe1 Nf4 14.
Qd2 N6h5 15. Ne5 Qg5 0-1

[Event "Plymouth (MI Op/2/17)"]
[Site "?"]
[Date "1984.??.??"]
[Round "?"]
[White "Skidmore, Mike"]
[Black "Groeller, W.."]
[Result "1/2-1/2"]
[WhiteElo "1905"]
[BlackElo "2075"]
[PlyCount "82"]
[EventDate "1984.??.??"]

{2/(17)} 1. e4 c5 2. Nf3 Nc6 3. Bb5 g6 4. O-O Bg7 5. c3 e6 6. Re1 Nge7 7. d3
O-O 8. Nbd2 d5 9. e5 b6 10. Nf1 a6 11. Bxc6 Nxc6 12. d4 Bd7 13. Be3 cxd4 14.
cxd4 f6 15. exf6 Bxf6 16. Qd2 Qe7 17. Bh6 Rfc8 18. Ne3 Qb4 19. Qxb4 Nxb4 20.
Ng4 Bh8 21. Rec1 Nc2 22. Rab1 Nxd4 23. Rxc8+ Rxc8 24. Nfe5 Bb5 25. b3 Rc2 26.
a4 Be8 27. Bg5 Ne2+ 28. Kf1 Nc3 29. Re1 Ne4 30. Be3 h5 31. Nh6+ Kf8 32. Nf3 Bc3
33. Rd1 Kg7 34. g4 Nxf2 35. Bxf2 Kxh6 36. g5+ Kg7 37. Bxb6 Bd7 38. Rd3 e5 39.
Bc7 Bh3+ 40. Kg1 Rc1+ 41. Kf2 e4 1/2-1/2

[Event "Plymouth (MI Op/4/11)"]
[Site "?"]
[Date "1984.??.??"]
[Round "?"]
[White "Skidmore, Mike"]
[Black "Everett, Morgan"]
[Result "0-1"]
[WhiteElo "1905"]
[BlackElo "2040"]
[PlyCount "52"]
[EventDate "1984.??.??"]

{4/(11)} 1. e4 e5 2. Nf3 Nc6 3. Bb5 a6 4. Ba4 Nf6 5. d3 d6 6. c3 g6 7. O-O Bg7
8. Re1 O-O 9. Nbd2 Qe7 10. Nf1 Nd8 11. Bd2 Ne6 12. Qc1 Nh5 13. Bh6 Nhf4 14.
Bxg7 Kxg7 15. Bc2 Ng5 16. Nxg5 Qxg5 17. g3 Bh3 18. Ne3 f5 19. d4 fxe4 20. dxe5
Be6 21. Nd1 d5 22. Kh1 Qg4 23. Qe3 Nh3 24. Rf1 Rf3 25. Qc5 Raf8 26. Qxc7+ R3f7
0-1

[Event "Plymouth (MI Op/1b/38)"]
[Site "?"]
[Date "1984.??.??"]
[Round "?"]
[White "Simmons, P.."]
[Black "Pearson, D.."]
[Result "0-1"]
[WhiteElo "1605"]
[BlackElo "1605"]
[PlyCount "96"]
[EventDate "1984.??.??"]

1. e4 c6 2. Nc3 d5 3. d4 dxe4 4. Nxe4 Bf5 5. Bd3 e6 6. Nf3 Be7 7. b3 Nf6 8.
Nxf6+ Bxf6 9. Bb2 Qa5+ 10. c3 O-O 11. O-O Nd7 12. Qc2 Bxd3 13. Qxd3 Rfe8 14.
Rfe1 Rad8 15. b4 Qc7 16. Qe3 e5 17. dxe5 Nxe5 18. Nxe5 Bxe5 19. g3 Qb6 20. Qxb6
axb6 21. f4 Bf6 22. Rxe8+ Rxe8 23. Kf2 Kf8 24. a4 Rd8 25. Rb1 Rd2+ 26. Kg1 Rc2
27. a5 b5 28. Ba1 Bxc3 29. Bxc3 Rxc3 30. h3 c5 31. Kf2 c4 32. h4 Rb3 33. Ra1
Rxb4 34. a6 bxa6 35. Rxa6 Ra4 36. Rc6 Ra7 37. Ke2 Rb7 38. Kd2 Ke7 39. Kc3 f6
40. g4 b4+ 41. Kb2 c3+ 42. Kb3 Kd7 43. Rc5 Kd6 44. Rc8 Kd5 45. Rc4 Rb6 46. Rc8
Ke4 47. Rc7 Kxf4 48. Rxg7 Rc6 0-1

[Event "Plymouth (MI Op/3/85)"]
[Site "?"]
[Date "1984.??.??"]
[Round "?"]
[White "Simmons, P.."]
[Black "Lahr, Fred"]
[Result "0-1"]
[WhiteElo "1605"]
[BlackElo "1605"]
[PlyCount "94"]
[EventDate "1984.??.??"]

{3/(85)} 1. e4 c5 2. Nf3 d6 3. c3 Nf6 4. d3 Nc6 5. Bg5 a6 6. Bxf6 gxf6 7. Be2
b5 8. O-O b4 9. d4 Qb6 10. d5 bxc3 11. bxc3 Na5 12. Nbd2 Bg7 13. Rb1 Qc7 14.
Nc4 Nxc4 15. Bxc4 Qa5 16. Qc2 O-O 17. Rb3 Qa4 18. Be2 Bd7 19. Rfb1 Rab8 20. Qb2
Rxb3 21. Qxb3 Qxe4 22. Bxa6 Ra8 23. Re1 Qa4 24. Bc4 Qxb3 25. Bxb3 Kf8 26. c4
Ba4 27. Nh4 Bd7 28. h3 e6 29. Rd1 e5 30. g4 Ke8 31. f3 Ke7 32. Nf5+ Bxf5 33.
gxf5 Bh6 34. Kf2 Bf4 35. Rg1 Bg5 36. Rh1 Bh4+ 37. Ke3 Rg8 38. Rh2 Rg3 39. Rh1
h5 40. Rh2 Bg5+ 41. Ke4 h4 42. Rh1 Bf4 43. Rh2 Rg1 44. Re2 Rh1 45. Rg2 Rxh3 46.
Rg7 Rh2 47. Rh7 Rd2 0-1

[Event "Plymouth (MI Op/7/78)"]
[Site "?"]
[Date "1984.??.??"]
[Round "?"]
[White "Simmons, P.."]
[Black "Fawaz, Mohamad"]
[Result "1-0"]
[WhiteElo "1605"]
[BlackElo "1605"]
[PlyCount "79"]
[EventDate "1984.??.??"]

{7/(78)} 1. e4 e5 2. Nf3 d6 3. Bc4 Nf6 4. d3 Be7 5. Ng5 O-O 6. O-O Nc6 7. Bb5
Nd4 8. Ba4 d5 9. c3 Ne6 10. Re1 Nxg5 11. Bxg5 dxe4 12. Bxf6 Bxf6 13. Rxe4 Bf5
14. Re1 Bxd3 15. Nd2 Bf5 16. Bc2 Bg4 17. f3 Bh5 18. Qc1 Bg5 19. Re2 c5 20. g4
Bg6 21. Bxg6 hxg6 22. Qe1 Bf6 23. Ne4 Qb6 24. Nxf6+ gxf6 25. h4 c4+ 26. Kg2 g5
27. hxg5 fxg5 28. Qh1 Rae8 29. Qh2 Kg7 30. Rh1 Rh8 31. Qg3 Rxh1 32. Kxh1 f6 33.
Kg2 Kg6 34. Qe1 Qd6 35. Re4 Qd3 36. Re2 f5 37. Rd2 Qxd2+ 38. Qxd2 fxg4 39. Qd6+
Kf7 40. Qd7+ 1-0

[Event "East Detroit (MCO/2/26)"]
[Site "?"]
[Date "1984.??.??"]
[Round "?"]
[White "Shoults, J.."]
[Black "Turner, Darrell"]
[Result "1-0"]
[WhiteElo "1605"]
[BlackElo "1805"]
[PlyCount "149"]
[EventDate "1984.??.??"]

{2/(26)} 1. Nf3 Nf6 2. c4 c5 3. Nc3 Nc6 4. g3 g6 5. Bg2 Bg7 6. O-O O-O 7. d3 d6
8. Bg5 h6 9. Be3 Bd7 10. Qd2 Ng4 11. h3 Nxe3 12. fxe3 Qc8 13. Kh2 Ne5 14. Nd5
Qd8 15. Rac1 e6 16. Nc3 Nxf3+ 17. Bxf3 Bc6 18. d4 Qg5 19. Bxc6 bxc6 20. Ne4 Qe7
21. Rf3 f5 22. Nc3 Qg5 23. dxc5 d5 24. cxd5 exd5 25. Rd1 Rad8 26. Qd3 d4 27.
Qc4+ Kh7 28. exd4 Rfe8 29. h4 Qe7 30. Kg2 Qe6 31. Qxe6 Rxe6 32. e3 h5 33. b4 a6
34. a4 Bh6 35. Kf2 Rde8 36. Re1 Bg7 37. Re2 Bh6 38. b5 axb5 39. axb5 cxb5 40.
Nxb5 R8e7 41. Nd6 Ra7 42. d5 Re5 43. Rd2 Bf8 44. Nc4 Re4 45. Rc2 Ra1 46. Nd2
Rea4 47. Rf4 R4a2 48. Rfc4 Rxc2 49. Rxc2 Kg7 50. e4 Kf6 51. exf5 gxf5 52. d6
Ke6 53. Nb3 Ra8 54. Nd4+ Ke5 55. Nf3+ Kd5 56. Ke3 Bh6+ 57. Ng5 Ra3+ 58. Kf4 Kc6
59. Kxf5 Rxg3 60. Kg6 Bxg5 61. hxg5 h4 62. Rb2 h3 63. Kf6 Kxc5 64. d7 Rd3 65.
Rc2+ Kb6 66. Ke7 Re3+ 67. Kd8 Kb7 68. Rb2+ Ka7 69. g6 Rg3 70. Kc7 Rc3+ 71. Kd8
Rg3 72. g7 h2 73. Rxh2 Kb6 74. Rh8 Rxg7 75. Kc8 1-0

[Event "East Detroit (MCO/4/28)"]
[Site "?"]
[Date "1984.??.??"]
[Round "?"]
[White "Shoults, J.."]
[Black "Manion, Tom"]
[Result "1/2-1/2"]
[WhiteElo "1605"]
[BlackElo "1760"]
[PlyCount "84"]
[EventDate "1984.??.??"]

{4/(28)} 1. Nf3 Nf6 2. c4 g6 3. g3 Bg7 4. Bg2 O-O 5. O-O d6 6. d3 e5 7. Bg5 h6
8. Bd2 Nc6 9. Nc3 Be6 10. Qc1 Kh7 11. a3 Qd7 12. Re1 Bh3 13. Qc2 Bxg2 14. Kxg2
Nh5 15. Nd5 f5 16. e3 Ne7 17. Ng1 Rae8 18. Nxe7 Rxe7 19. f4 Qc6+ 20. Kf2 exf4
21. exf4 Bd4+ 22. Be3 Rxe3 23. Rxe3 Re8 24. Rae1 Nf6 25. h3 Nd5 26. Nf3 Bxe3+
27. Kg2 Nf6 28. Qd1 Ng4 29. hxg4 fxg4 30. b4 a6 31. Qe2 Bd4 32. Qxe8 Qxf3+ 33.
Kh2 Qf2+ 34. Kh1 Qxg3 35. Re7+ Bg7 36. Rxg7+ Kxg7 37. Qe7+ Kg8 38. Qe8+ Kh7 39.
Qf7+ Kh8 40. Qf8+ Kh7 41. Qf7+ Kh8 42. Qf8+ Kh7 1/2-1/2

[Event "East Detroit (MCO/6/22)"]
[Site "?"]
[Date "1984.??.??"]
[Round "?"]
[White "Shoults, J.."]
[Black "Franke, R.."]
[Result "0-1"]
[WhiteElo "1605"]
[BlackElo "1915"]
[PlyCount "70"]
[EventDate "1984.??.??"]

{6/(22)} 1. Nf3 d5 2. d3 c5 3. g3 Nc6 4. Bf4 f6 5. Bg2 e5 6. Bc1 Be6 7. O-O Bd6
8. Nbd2 Nge7 9. c4 O-O 10. cxd5 Nxd5 11. e4 Nb6 12. b3 Nd4 13. Nxd4 cxd4 14.
Nc4 Nxc4 15. bxc4 Qd7 16. Qb3 Rab8 17. a4 b6 18. f4 exf4 19. Bxf4 Be5 20. Rf2
g5 21. Bd2 Kg7 22. Qd1 h6 23. Bf3 f5 24. Qe2 fxe4 25. Qxe4 Bc7 26. Bb4 Rf6 27.
Qe2 Bd6 28. Bd2 Rbf8 29. Be1 Rxf3 30. Rxf3 Bg4 31. Qe4 Bxf3 32. Qxd4+ Kg6 33.
Bb4 Rf6 34. Rf1 g4 35. Bc3 Bc5 0-1

[Event "Plymouth (MI Op/3/70)"]
[Site "?"]
[Date "1984.??.??"]
[Round "?"]
[White "Short, T.."]
[Black "Robes, S.."]
[Result "0-1"]
[WhiteElo "1605"]
[BlackElo "1670"]
[PlyCount "84"]
[EventDate "1984.??.??"]

{3/(70)} 1. e4 e5 2. Nf3 Nc6 3. Nc3 Nf6 4. d4 exd4 5. Nxd4 Nxd4 6. Qxd4 d6 7.
Bg5 Be7 8. O-O-O Be6 9. h3 a6 10. Be2 h6 11. Bxf6 Bxf6 12. Qd3 Qd7 13. a3 O-O-O
14. Bg4 Bxc3 15. Qxc3 Bxg4 16. hxg4 Qxg4 17. Qf3 Qxf3 18. gxf3 Rhf8 19. f4 f5
20. e5 dxe5 21. fxe5 Rxd1+ 22. Rxd1 f4 23. e6 Re8 24. Re1 c6 25. f3 Kc7 26. Re4
g5 27. b4 Kd6 28. c4 Rxe6 29. Rd4+ Ke7 30. Kd2 Rd6 31. Kd3 h5 32. Rxd6 Kxd6 33.
Ke4 Ke6 34. Kd3 Ke5 35. a4 g4 36. fxg4 hxg4 37. Ke2 Kd4 38. c5 Kc4 39. b5 axb5
40. axb5 Kxb5 41. Kf2 Kxc5 42. Kg2 b5 0-1

[Event "Plymouth (MI Op/1a/39)"]
[Site "?"]
[Date "1984.??.??"]
[Round "?"]
[White "Short, T.."]
[Black "Carpenter, George"]
[Result "0-1"]
[WhiteElo "1605"]
[BlackElo "1605"]
[PlyCount "74"]
[EventDate "1984.??.??"]

1. e4 d6 2. Nf3 Nf6 3. Nc3 g6 4. d4 Bg7 5. Bb5+ c6 6. Ba4 O-O 7. Bb3 b5 8. O-O
Nbd7 9. Be3 Bb7 10. Ng5 Qc7 11. Qf3 h6 12. Nxf7 Rxf7 13. Bxf7+ Kxf7 14. Ne2 e5
15. c3 Kg8 16. Ng3 Rf8 17. Qe2 h5 18. h3 h4 19. Nh1 Nxe4 20. Qg4 c5 21. f3 exd4
22. cxd4 cxd4 23. Rac1 Qd8 24. Bf2 Ne5 25. Qe6+ Kh7 26. fxe4 Qg5 27. Bxd4 Nf3+
28. Rxf3 Qxc1+ 29. Kh2 Rxf3 30. Qe7 Qf4+ 31. g3 hxg3+ 32. Kg2 Qf7 33. Qh4+ Kg8
34. Bc3 Bxc3 35. bxc3 Rf2+ 36. Nxf2 Qxf2+ 37. Kh1 Qh2# 0-1

[Event "Plymouth (MI Op/6/85)"]
[Site "?"]
[Date "1984.??.??"]
[Round "?"]
[White "Short, T.."]
[Black "Bolda, M.."]
[Result "0-1"]
[WhiteElo "1605"]
[BlackElo "1605"]
[PlyCount "86"]
[EventDate "1984.??.??"]

{6/(85)} 1. e4 c5 2. Nf3 Nc6 3. Bc4 Nf6 4. Nc3 a6 5. d3 g6 6. Ng5 Ne5 7. Bb3 e6
8. Nf3 Qc7 9. O-O Bg7 10. Bf4 Nh5 11. Bg3 Nxg3 12. hxg3 b5 13. a3 O-O 14. Nh2
Bb7 15. f4 Nc6 16. g4 Ne7 17. g5 Qc6 18. Ng4 Nf5 19. Rf3 Bd4+ 20. Kf1 Ne7 21.
Nf6+ Kg7 22. Ke2 Bxf6 23. gxf6+ Kxf6 24. Qh1 Kg7 25. Qh4 Rae8 26. Rh1 h5 27. g4
c4 28. Ba2 Rh8 29. g5 d5 30. Rhh3 cxd3+ 31. cxd3 d4 32. Nd1 Rc8 33. Qe1 Qc1 34.
Rf1 Rc2+ 35. Kf3 Rd2 36. Rhh1 Rxd3+ 37. Ke2 Qc2+ 38. Qd2 Rxd2+ 39. Kf3 Bxe4+
40. Kg3 Nf5+ 41. Kh3 Rd3+ 42. Ne3 Rxe3+ 43. Rf3 Rxf3# 0-1

[Event "Plymouth (MI Op/4/87)"]
[Site "?"]
[Date "1984.??.??"]
[Round "?"]
[White "Shields, S.."]
[Black "Simmons, P.."]
[Result "1-0"]
[WhiteElo "1605"]
[BlackElo "1605"]
[PlyCount "137"]
[EventDate "1984.??.??"]

{4/(87)} 1. d4 d5 2. Nf3 Nf6 3. c4 e6 4. a3 c6 5. e3 Nbd7 6. Nc3 g6 7. Bd3 Bg7
8. O-O O-O 9. Re1 Re8 10. e4 dxe4 11. Nxe4 Nxe4 12. Bxe4 b6 13. Bxc6 Rb8 14.
Bf4 Bb7 15. Bxb8 Bxc6 16. Bf4 Bxf3 17. Qxf3 Bxd4 18. Rab1 Bg7 19. b4 Qc8 20.
Rbc1 e5 21. Qe4 f5 22. Qd5+ Kh8 23. Bd2 Nf6 24. Qd3 e4 25. Qb3 Ng4 26. Bc3 Qc7
27. Bxg7+ Kxg7 28. Qc3+ Kf7 29. g3 Ne5 30. Re3 Nd3 31. Rxd3 exd3 32. Qxd3 Rd8
33. Qb3 Kf6 34. Qc3+ Kf7 35. b5 Qd6 36. Qf3 Qd2 37. Qe3 Qxe3 38. fxe3 Rd3 39.
c5 bxc5 40. Rxc5 Rxa3 41. Rc7+ Kg8 42. Re7 Ra5 43. Re5 a6 44. Re8+ Kf7 45. Ra8
Rxb5 46. Rxa6 Rb3 47. Ra7+ Kg8 48. Re7 Rb4 49. h3 Re4 50. Rxe4 fxe4 51. g4 Kg7
52. Kg2 Kf6 53. Kg3 Ke5 54. g5 Kf5 55. h4 Ke5 56. Kg4 Ke6 57. Kf4 Kd5 58. Kg4
Ke5 59. h5 Ke6 60. Kf4 Kd5 61. h6 Ke6 62. Kxe4 Ke7 63. Ke5 Kf7 64. e4 Ke7 65.
Kd5 Kd7 66. e5 Ke7 67. e6 Kd8 68. Kd6 Ke8 69. e7 1-0

[Event "Plymouth (MI Op/6/83)"]
[Site "?"]
[Date "1984.??.??"]
[Round "?"]
[White "Shields, S.."]
[Black "Serwatowski, Felix"]
[Result "1-0"]
[WhiteElo "1605"]
[BlackElo "1605"]
[PlyCount "69"]
[EventDate "1984.??.??"]

{6/(83)} 1. d4 Nf6 2. Nf3 e6 3. c4 d5 4. e3 c6 5. a3 Nbd7 6. Nc3 Bd6 7. Bd3 b6
8. b4 c5 9. b5 Bb7 10. Qe2 O-O 11. e4 cxd4 12. Nxd4 Nc5 13. Bc2 e5 14. Nc6 Qd7
15. cxd5 Qc7 16. O-O Qd7 17. h3 a6 18. Bg5 axb5 19. Bxf6 gxf6 20. Nxb5 Ba6 21.
a4 Rfe8 22. Qg4+ Qxg4 23. hxg4 Rf8 24. Rab1 Bxb5 25. Rxb5 Ra6 26. Nb4 Raa8 27.
Rxb6 Rab8 28. Rxb8 Rxb8 29. Nc6 Rb2 30. Rc1 Nxa4 31. Bxa4 Kg7 32. f3 Kg6 33.
Kh2 Kg5 34. Kg3 Bc5 35. Rxc5 1-0

[Event "Plymouth (MI Op/2/81)"]
[Site "?"]
[Date "1984.??.??"]
[Round "?"]
[White "Shields, S.."]
[Black "Karadsheh, Z.."]
[Result "0-1"]
[WhiteElo "1605"]
[BlackElo "1605"]
[PlyCount "68"]
[EventDate "1984.??.??"]

{2/(81)} 1. d4 e5 2. c4 exd4 3. Qxd4 Nc6 4. Qe3+ Qe7 5. Qxe7+ Bxe7 6. Nc3 Nd4
7. Kd2 Bb4 8. Nf3 Nxf3+ 9. exf3 Nf6 10. Bd3 O-O 11. a3 Bc5 12. Rf1 Re8 13. b4
Be7 14. Bb2 c6 15. Rfe1 d5 16. cxd5 Nxd5 17. Nxd5 cxd5 18. Bd4 Bd7 19. Ke2 Bf6+
20. Kf1 Bxd4 21. Rxe8+ Rxe8 22. Rc1 a6 23. Rc7 Bc6 24. a4 Be5 25. g3 Bxc7 26.
b5 axb5 27. axb5 Bd7 28. Kg2 Re6 29. h4 Rb6 30. f4 Bxb5 31. Bxb5 Rxb5 32. Kf3
f6 33. Ke3 Bb6+ 34. Kf3 Rb2 0-1

[Event "Plymouth (MI Op/7/53)"]
[Site "?"]
[Date "1984.??.??"]
[Round "?"]
[White "Shields, B.."]
[Black "Schell, Ken"]
[Result "0-1"]
[WhiteElo "1605"]
[BlackElo "1675"]
[PlyCount "76"]
[EventDate "1984.??.??"]

{7/(53)} 1. Nf3 c5 2. a3 Nc6 3. e3 g6 4. Bb5 Bg7 5. Bxc6 bxc6 6. O-O d5 7. d3
e5 8. Re1 Ne7 9. Nbd2 O-O 10. e4 d4 11. Nc4 Qc7 12. Bg5 Re8 13. Bh4 h6 14. Bg3
f6 15. c3 Be6 16. Nfd2 a5 17. Qa4 Red8 18. Nb3 dxc3 19. bxc3 Qa7 20. Red1 Rab8
21. Rab1 Kh7 22. f4 Bxc4 23. Qxc4 Rb5 24. fxe5 fxe5 25. Bf2 Rdb8 26. Bxc5 Qb7
27. Nxa5 Rxb1 28. Nxb7 Rxd1+ 29. Kf2 Rxb7 30. Qf7 Rxd3 31. Bb4 Rd2+ 32. Ke3
Nf5+ 33. Kxd2 Rxf7 34. exf5 gxf5 35. Ke3 Bf8 36. g3 c5 37. Ba5 Bd6 38. c4 Re7
0-1

[Event "Plymouth (MI Op/5/87)"]
[Site "?"]
[Date "1984.??.??"]
[Round "?"]
[White "Shields, B.."]
[Black "Redding, T.."]
[Result "0-1"]
[WhiteElo "1605"]
[BlackElo "1605"]
[PlyCount "104"]
[EventDate "1984.??.??"]

{5/(87)} 1. Nf3 e6 2. a3 h6 3. b4 d5 4. Bb2 Nf6 5. e3 b6 6. c4 Bd6 7. cxd5 Nxd5
8. Bxg7 Rg8 9. Bxh6 Rg6 10. e4 Qf6 11. d4 Nd7 12. exd5 Rxh6 13. dxe6 Qxe6+ 14.
Qe2 a5 15. Ng5 Ba6 16. Qxe6+ fxe6 17. Bxa6 Rxa6 18. b5 Ra8 19. g3 e5 20. d5 Be7
21. Ne6 Rc8 22. O-O Nc5 23. Ng7+ Kf7 24. Nf5 Rf6 25. Nxe7 Kxe7 26. Re1 Kd6 27.
Nc3 Nb3 28. Rad1 Nc5 29. Ne4+ Nxe4 30. Rxe4 Re8 31. a4 Rf3 32. Rc1 Rc8 33. Rc6+
Kxd5 34. Rec4 Rd3 35. Rxc7 Rxc7 36. Rxc7 Rd4 37. Rd7+ Kc5 38. Rxd4 exd4 39. h4
d3 40. Kf1 Kc4 41. h5 Kc3 42. Ke1 Kc2 43. f3 d2+ 44. Kf2 d1=Q 45. g4 Qd4+ 46.
Kg3 Qe5+ 47. Kh3 Qf4 48. Kg2 Kd1 49. Kf1 Kd2 50. Kf2 Qh2+ 51. Kf1 Ke3 52. Ke1
Qh1# 0-1

[Event "Plymouth (MI Op/1a/37)"]
[Site "?"]
[Date "1984.??.??"]
[Round "?"]
[White "Shields, B.."]
[Black "Johnson, B.."]
[Result "0-1"]
[WhiteElo "1605"]
[BlackElo "1605"]
[PlyCount "86"]
[EventDate "1984.??.??"]

1. Nf3 d5 2. b4 e6 3. a3 Bd7 4. e3 Bd6 5. Bb2 Nf6 6. c4 dxc4 7. Bxc4 O-O 8. O-O
b5 9. Bd3 a6 10. Qc2 g6 11. Ne5 Bxe5 12. Bxe5 Nd5 13. e4 f6 14. Bg3 Ne7 15.
Bxc7 Qe8 16. Bd6 Nbc6 17. Re1 Rc8 18. Bc5 Qf7 19. Qb3 Na5 20. Qa2 Nb7 21. Bd4
Nc6 22. Be3 Ne5 23. Be2 Nc4 24. Bh6 Rfd8 25. a4 g5 26. f4 Qg6 27. d3 Qxh6 28.
dxc4 gxf4 29. cxb5 axb5 30. Bxb5 Qg7 31. Bxd7 Qxd7 32. b5 Qd4+ 33. Kf1 Kf7 34.
a5 Qd3+ 35. Qe2 Qxe2+ 36. Kxe2 Rc2+ 37. Kf3 Rd3+ 38. Kxf4 Rf2+ 39. Kg4 Rxg2+
40. Kf4 Rf2+ 41. Kg4 h5+ 42. Kxh5 Rg2 43. h4 Rd8 0-1

[Event "Plymouth (MI Op/3/84)"]
[Site "?"]
[Date "1984.??.??"]
[Round "?"]
[White "Shields, B.."]
[Black "Herzog, M.."]
[Result "0-1"]
[WhiteElo "1605"]
[BlackElo "1620"]
[PlyCount "82"]
[EventDate "1984.??.??"]

{3/(84)} 1. Nf3 Nf6 2. b4 e6 3. a3 c5 4. bxc5 Bxc5 5. Bb2 d5 6. e3 Nbd7 7. c4
Qb6 8. Qc2 Qc7 9. cxd5 exd5 10. Bd3 h6 11. Bb5 O-O 12. h4 Bd6 13. Qxc7 Bxc7 14.
O-O a6 15. Ba4 Ne4 16. Bb3 Ndf6 17. d3 Nc5 18. Ba2 Nxd3 19. Bxf6 gxf6 20. Bxd5
Ne5 21. Nbd2 Rb8 22. Rab1 Rd8 23. Ba2 Ba5 24. Nb3 Nxf3+ 25. gxf3 Bc7 26. Kg2
Kh8 27. Nc5 b6 28. Ne4 Rg8+ 29. Kh1 Bb7 30. Bxf7 Rg7 31. Bh5 f5 32. Nf6 Bd8 33.
Ne8 Rd7 34. Bg6 Bxf3+ 35. Kh2 Bxh4 36. Bxf5 Rd2 37. Kg1 Rxe8 38. Rxb6 Rg8+ 39.
Bg6 Be4 40. Rxa6 Rxg6+ 41. Rxg6 Bxg6 0-1